LEADER 02177nam 2200625 a 450 001 9910451687003321 005 20200520144314.0 010 $a0-19-756147-0 010 $a1-280-53062-6 010 $a9786610530625 010 $a0-19-803014-2 010 $a1-4294-0173-7 035 $a(CKB)1000000000465694 035 $a(EBL)271477 035 $a(OCoLC)476007336 035 $a(SSID)ssj0000156232 035 $a(PQKBManifestationID)11158312 035 $a(PQKBTitleCode)TC0000156232 035 $a(PQKBWorkID)10122357 035 $a(PQKB)11066299 035 $a(MiAaPQ)EBC271477 035 $a(StDuBDS)EDZ0002341363 035 $a(Au-PeEL)EBL271477 035 $a(CaPaEBR)ebr10142457 035 $a(CaONFJC)MIL53062 035 $a(OCoLC)935260483 035 $a(EXLCZ)991000000000465694 100 $a19990309d2000 uy 0 101 0 $aeng 135 $aur|n|---||||| 181 $ctxt 182 $cc 183 $acr 200 10$aFluorine chemistry for organic chemists$b[electronic resource] $eproblems and solutions /$fMilos? Hudlicky? 210 $aNew York $cOxford University Press$d2000 215 $a1 online resource (145 p.) 225 1 $aOxford scholarship online 300 $aPreviously issued in print: 2000. 311 $a0-19-513156-8 320 $aIncludes bibliographical references (p. 113-117) and indexes. 327 $aContents; Part I. Problems; Part II. Solutions; REFERENCES; AUTHOR INDEX; SUBJECT INDEX 330 8 $aThis book contains 105 examples of the unpredictable properties of fluorine and its compounds. The reactions are given as problems in the first part of the book. In the second, solutions are offered and mechanisms of the reactions are discussed. 410 0$aOxford scholarship online. 606 $aOrganofluorine compounds 608 $aElectronic books. 615 0$aOrganofluorine compounds. 676 $a547/.02 700 $aHudlicky$b Milos$f1919-$0338088 801 0$bMiAaPQ 801 1$bMiAaPQ 801 2$bMiAaPQ 906 $aBOOK 912 $a9910451687003321 996 $aFluorine chemistry for organic chemists$92113104 997 $aUNINA LEADER 01375nam0 22003491i 450 001 RML0301270 005 20231121125743.0 010 $a8820471752 100 $a20121121d1991 ||||0itac50 ba 101 | $aita 102 $ait 181 1$6z01$ai $bxxxe 182 1$6z01$an 200 1 $aMax Weber$eda Heidelberg al Midwest$fHans H. Gerth, Charles Wright Mills$ga cura di Pietro L. Di Giorgi 210 $aMilano $cFrancoAngeli $d1991 215 $aXVIII, 148 p.$d22 cm 225 | $aCollana dell'Istituto di sociologia dell'Università di Parma 410 0$1001RML0329435$12001 $aCollana dell'Istituto di sociologia dell'Università di Parma 606 $aWeber, Max$2FIR$3RMLC001942$9I 676 $a301.092$9Sociologia. Persone.$v21 700 1$aGerth$b, Hans H.$3RMLV194500$0119712 701 1$aWRIGHT MILLS$b, Charles$3RMLV155005$0548618 702 1$aScivoletto$b, Angelo$3RMLV147138 702 1$aDi Giorgi$b, Pietro L.$3RMLV194499 801 3$aIT$bIT-01$c20121121 850 $aIT-FR0017 899 $aBiblioteca umanistica Giorgio Aprea$bFR0017 912 $aRML0301270 950 0$aBiblioteca umanistica Giorgio Aprea$d 52CIS 11/964$e 52VM 0000713015 VM barcode:00062932. - Inventario:2410 FLSVM$fA $h20071023$i20121204 977 $a 52 996 $aMax Weber$93629977 997 $aUNICAS